New horizons from multiwavelength sky survey (Record no. 12434)

MARC details
000 -LEADER
fixed length control field 00990nam a2200253Ia 4500
003 - CONTROL NUMBER IDENTIFIER
control field IN-BaIIA
008 - FIXED-LENGTH DATA ELEMENTS--GENERAL INFORMATION
fixed length control field 211028s9999 xx 000 0 eng d
020 ## - INTERNATIONAL STANDARD BOOK NUMBER
International Standard Book Number 0-7923-4803-6
040 ## - CATALOGING SOURCE
Transcribing agency IIA Library
080 ## - UNIVERSAL DECIMAL CLASSIFICATION NUMBER
Universal Decimal Classification number 082.2:52
Item number IAU-S179
111 ## - MAIN ENTRY--MEETING NAME
Meeting name or jurisdiction name as entry element Symposium of the International Astronomical Union
Number of part/section/meeting 179th
Location of meeting USA
Date of meeting or treaty signing 1996 Aug. 26-30
9 (RLIN) 21757
245 #0 - TITLE STATEMENT
Title New horizons from multiwavelength sky survey
Remainder of title proceedings of the 179th symposium of the IAU held in Baltimore, USA, 26-30 August 1996
Statement of responsibility, etc. edited by Brian. J. McLean…[et al.]
260 ## - PUBLICATION, DISTRIBUTION, ETC.
Place of publication, distribution, etc. Dordrecht
Name of publisher, distributor, etc. Kluwer Academic
Date of publication, distribution, etc. 1998
300 ## - PHYSICAL DESCRIPTION
Extent xxx, 508p.
490 ## - SERIES STATEMENT
Series statement IAU symposium; no. 179
650 ## - SUBJECT ADDED ENTRY--TOPICAL TERM
Topical term or geographic name entry element Galactic astronomy
9 (RLIN) 6041
650 ## - SUBJECT ADDED ENTRY--TOPICAL TERM
Topical term or geographic name entry element Sky-surveys
9 (RLIN) 1313
650 ## - SUBJECT ADDED ENTRY--TOPICAL TERM
Topical term or geographic name entry element Wavelength
9 (RLIN) 21758
700 ## - ADDED ENTRY--PERSONAL NAME
Personal name Golombek, Daniel A., ed.
9 (RLIN) 21759
700 ## - ADDED ENTRY--PERSONAL NAME
Personal name Hayes, Jeffrey J., ed.
9 (RLIN) 21760
700 ## - ADDED ENTRY--PERSONAL NAME
Personal name McLean, Brian. J., ed.
9 (RLIN) 21761
710 ## - ADDED ENTRY--CORPORATE NAME
Corporate name or jurisdiction name as entry element International Astronomical Union
942 ## - ADDED ENTRY ELEMENTS (KOHA)
Koha item type Books
Holdings
Withdrawn status Lost status Damaged status Not for loan Home library Current library Shelving location Date acquired Total Checkouts Full call number Barcode Date last seen Price effective from Koha item type
        IIA Library-Bangalore IIA Library-Bangalore General Stacks 11/03/1998   082.2:52/ IAU-S179 13350 05/11/2021 11/03/1998 Books

Powered by Koha